<?xml version="1.0" encoding="UTF-8"?>
<record
    xmlns:xsi="http://www.w3.org/2001/XMLSchema-instance"
    xsi:schemaLocation="http://www.loc.gov/MARC21/slim http://www.loc.gov/standards/marcxml/schema/MARC21slim.xsd"
    xmlns="http://www.loc.gov/MARC21/slim">

  <leader>00931nas a2200241 454500</leader>
  <controlfield tag="001">5159</controlfield>
  <controlfield tag="005">20260407193504.0</controlfield>
  <controlfield tag="008">260407s1999####ag###########|||spa#d</controlfield>
  <controlfield tag="003">AR-UNSa-BCEJYS</controlfield>
  <datafield tag="040" ind1=" " ind2=" ">
    <subfield code="a">AR-UNSa-BCEJYS</subfield>
    <subfield code="b">spa</subfield>
    <subfield code="c">AR-UNSa-BCEJYS</subfield>
  </datafield>
  <datafield tag="080" ind1=" " ind2=" ">
    <subfield code="a">336.76</subfield>
    <subfield code="x">Bolsa. Mercado del dinero. Mercado del capital</subfield>
  </datafield>
  <datafield tag="245" ind1="1" ind2="0">
    <subfield code="a">El mercado de valores</subfield>
  </datafield>
  <datafield tag="022" ind1=" " ind2=" ">
    <subfield code="a">0185-1268</subfield>
  </datafield>
  <datafield tag="264" ind1=" " ind2="1">
    <subfield code="a">M&#xE9;xico :</subfield>
    <subfield code="b">Nacional Financiera</subfield>
    <subfield code="c">1999</subfield>
  </datafield>
  <datafield tag="310" ind1=" " ind2=" ">
    <subfield code="a">Peridicidad: Mensual
Colecci&#xF3;n Incompleta
Cambia de Dir. a partir del N&#xBA; 8/2001 por Timoteo E. Harris Howard
Cambia de Dir. a partir del N&#xBA; 11/2001 por Alejandro Rodr&#xED;guez Cort&#xE9;s
</subfield>
  </datafield>
  <datafield tag="942" ind1=" " ind2=" ">
    <subfield code="c">SER</subfield>
  </datafield>
  <datafield tag="590" ind1=" " ind2=" ">
    <subfield code="a">niveau_biblio:s niveau_hierar:1</subfield>
  </datafield>
  <datafield tag="100" ind1="1" ind2=" ">
    <subfield code="a">Meyer Franco, Sandra</subfield>
  </datafield>
  <datafield tag="650" ind1=" " ind2=" ">
    <subfield code="a">Mercado financiero</subfield>
  </datafield>
  <datafield tag="650" ind1=" " ind2=" ">
    <subfield code="a">M&#xE9;xico</subfield>
  </datafield>
  <datafield tag="650" ind1=" " ind2=" ">
    <subfield code="a">Mercado</subfield>
  </datafield>
  <datafield tag="856" ind1="4" ind2="1">
    <subfield code="u">https://biblioeco.unsa.edu.ar/pmb/images/revistas/El Mercado de Valores.jpg</subfield>
    <subfield code="y">Imagen de portada</subfield>
    <subfield code="q">image/jpeg</subfield>
  </datafield>
  <datafield tag="999" ind1=" " ind2=" ">
    <subfield code="c">8419</subfield>
    <subfield code="d">8419</subfield>
  </datafield>
  <datafield tag="952" ind1=" " ind2=" ">
    <subfield code="0">0</subfield>
    <subfield code="1">0</subfield>
    <subfield code="4">0</subfield>
    <subfield code="7">0</subfield>
    <subfield code="a">BCEJYS</subfield>
    <subfield code="b">BCEJYS</subfield>
    <subfield code="c">17</subfield>
    <subfield code="d">2003-01-01</subfield>
    <subfield code="h">A&#xF1;o LXIII, N&#xBA; 1 - ene. 2003</subfield>
    <subfield code="l">0</subfield>
    <subfield code="o">H336.76 MER 1.2003</subfield>
    <subfield code="p">R04242</subfield>
    <subfield code="r">2026-04-10 16:06:53</subfield>
    <subfield code="w">2026-04-10</subfield>
    <subfield code="y">RN</subfield>
  </datafield>
  <datafield tag="952" ind1=" " ind2=" ">
    <subfield code="0">0</subfield>
    <subfield code="1">0</subfield>
    <subfield code="4">0</subfield>
    <subfield code="7">0</subfield>
    <subfield code="a">BCEJYS</subfield>
    <subfield code="b">BCEJYS</subfield>
    <subfield code="c">17</subfield>
    <subfield code="d">2002-12-01</subfield>
    <subfield code="h">A&#xF1;o LXII, N&#xBA; 12 - dic. 2002</subfield>
    <subfield code="l">0</subfield>
    <subfield code="o">H336.76 MER 12.2002</subfield>
    <subfield code="p">R04241</subfield>
    <subfield code="r">2026-04-10 16:06:53</subfield>
    <subfield code="w">2026-04-10</subfield>
    <subfield code="y">RN</subfield>
  </datafield>
  <datafield tag="952" ind1=" " ind2=" ">
    <subfield code="0">0</subfield>
    <subfield code="1">0</subfield>
    <subfield code="4">0</subfield>
    <subfield code="7">0</subfield>
    <subfield code="a">BCEJYS</subfield>
    <subfield code="b">BCEJYS</subfield>
    <subfield code="c">17</subfield>
    <subfield code="d">2002-11-01</subfield>
    <subfield code="h">A&#xF1;o LXII, N&#xBA; 11 - nov. 2002</subfield>
    <subfield code="l">0</subfield>
    <subfield code="o">H336.76 MER 11.2002</subfield>
    <subfield code="p">R04240</subfield>
    <subfield code="r">2026-04-10 16:06:53</subfield>
    <subfield code="w">2026-04-10</subfield>
    <subfield code="y">RN</subfield>
  </datafield>
  <datafield tag="952" ind1=" " ind2=" ">
    <subfield code="0">0</subfield>
    <subfield code="1">0</subfield>
    <subfield code="4">0</subfield>
    <subfield code="7">0</subfield>
    <subfield code="a">BCEJYS</subfield>
    <subfield code="b">BCEJYS</subfield>
    <subfield code="c">17</subfield>
    <subfield code="d">2002-10-01</subfield>
    <subfield code="h">A&#xF1;o LXII, N&#xBA; 10 - oct. 2002</subfield>
    <subfield code="l">0</subfield>
    <subfield code="o">H336.76 MER 10.2002</subfield>
    <subfield code="p">R04239</subfield>
    <subfield code="r">2026-04-10 16:06:53</subfield>
    <subfield code="w">2026-04-10</subfield>
    <subfield code="y">RN</subfield>
  </datafield>
  <datafield tag="952" ind1=" " ind2=" ">
    <subfield code="0">0</subfield>
    <subfield code="1">0</subfield>
    <subfield code="4">0</subfield>
    <subfield code="7">0</subfield>
    <subfield code="a">BCEJYS</subfield>
    <subfield code="b">BCEJYS</subfield>
    <subfield code="c">17</subfield>
    <subfield code="d">2002-09-01</subfield>
    <subfield code="h">A&#xF1;o LXII, N&#xBA; 9 - sep. 2002</subfield>
    <subfield code="l">0</subfield>
    <subfield code="o">H336.76 MER 9.2002</subfield>
    <subfield code="p">R04238</subfield>
    <subfield code="r">2026-04-10 16:06:53</subfield>
    <subfield code="w">2026-04-10</subfield>
    <subfield code="y">RN</subfield>
  </datafield>
  <datafield tag="952" ind1=" " ind2=" ">
    <subfield code="0">0</subfield>
    <subfield code="1">0</subfield>
    <subfield code="4">0</subfield>
    <subfield code="7">0</subfield>
    <subfield code="a">BCEJYS</subfield>
    <subfield code="b">BCEJYS</subfield>
    <subfield code="c">17</subfield>
    <subfield code="d">2002-08-01</subfield>
    <subfield code="h">A&#xF1;o LXII, N&#xBA; 8 - ago. 2002</subfield>
    <subfield code="l">0</subfield>
    <subfield code="o">H336.76 MER 8.2002</subfield>
    <subfield code="p">R04237</subfield>
    <subfield code="r">2026-04-10 16:06:53</subfield>
    <subfield code="w">2026-04-10</subfield>
    <subfield code="y">RN</subfield>
  </datafield>
  <datafield tag="952" ind1=" " ind2=" ">
    <subfield code="0">0</subfield>
    <subfield code="1">0</subfield>
    <subfield code="4">0</subfield>
    <subfield code="7">0</subfield>
    <subfield code="a">BCEJYS</subfield>
    <subfield code="b">BCEJYS</subfield>
    <subfield code="c">17</subfield>
    <subfield code="d">2002-07-01</subfield>
    <subfield code="h">A&#xF1;o LXII, N&#xBA; 7 - jul. 2002</subfield>
    <subfield code="l">0</subfield>
    <subfield code="o">H336.76 MER 7.2002</subfield>
    <subfield code="p">R04236</subfield>
    <subfield code="r">2026-04-10 16:06:53</subfield>
    <subfield code="w">2026-04-10</subfield>
    <subfield code="y">RN</subfield>
  </datafield>
  <datafield tag="952" ind1=" " ind2=" ">
    <subfield code="0">0</subfield>
    <subfield code="1">0</subfield>
    <subfield code="4">0</subfield>
    <subfield code="7">0</subfield>
    <subfield code="a">BCEJYS</subfield>
    <subfield code="b">BCEJYS</subfield>
    <subfield code="c">17</subfield>
    <subfield code="d">2002-06-01</subfield>
    <subfield code="h">A&#xF1;o LXII, N&#xBA; 6 - jun. 2002</subfield>
    <subfield code="l">0</subfield>
    <subfield code="o">H336.76 MER 6.2002</subfield>
    <subfield code="p">R04235</subfield>
    <subfield code="r">2026-04-10 16:06:53</subfield>
    <subfield code="w">2026-04-10</subfield>
    <subfield code="y">RN</subfield>
  </datafield>
  <datafield tag="952" ind1=" " ind2=" ">
    <subfield code="0">0</subfield>
    <subfield code="1">0</subfield>
    <subfield code="4">0</subfield>
    <subfield code="7">0</subfield>
    <subfield code="a">BCEJYS</subfield>
    <subfield code="b">BCEJYS</subfield>
    <subfield code="c">17</subfield>
    <subfield code="d">2002-05-01</subfield>
    <subfield code="h">A&#xF1;o LXII, N&#xBA; 5 - mayo. 2005</subfield>
    <subfield code="l">0</subfield>
    <subfield code="o">H336.76 MER 5.2002</subfield>
    <subfield code="p">R04234</subfield>
    <subfield code="r">2026-04-10 16:06:53</subfield>
    <subfield code="w">2026-04-10</subfield>
    <subfield code="y">RN</subfield>
  </datafield>
  <datafield tag="952" ind1=" " ind2=" ">
    <subfield code="0">0</subfield>
    <subfield code="1">0</subfield>
    <subfield code="4">0</subfield>
    <subfield code="7">0</subfield>
    <subfield code="a">BCEJYS</subfield>
    <subfield code="b">BCEJYS</subfield>
    <subfield code="c">17</subfield>
    <subfield code="d">2002-04-01</subfield>
    <subfield code="h">A&#xF1;o LXII, N&#xBA; 4 - abr. 2002</subfield>
    <subfield code="l">0</subfield>
    <subfield code="o">H336.76 MER 4.2002</subfield>
    <subfield code="p">R04233</subfield>
    <subfield code="r">2026-04-10 16:06:53</subfield>
    <subfield code="w">2026-04-10</subfield>
    <subfield code="y">RN</subfield>
  </datafield>
  <datafield tag="952" ind1=" " ind2=" ">
    <subfield code="0">0</subfield>
    <subfield code="1">0</subfield>
    <subfield code="4">0</subfield>
    <subfield code="7">0</subfield>
    <subfield code="a">BCEJYS</subfield>
    <subfield code="b">BCEJYS</subfield>
    <subfield code="c">17</subfield>
    <subfield code="d">2002-03-01</subfield>
    <subfield code="h">A&#xF1;o LXII, N&#xBA; 3 - mar. 2002</subfield>
    <subfield code="l">0</subfield>
    <subfield code="o">H336.76 MER 3.2002</subfield>
    <subfield code="p">R04232</subfield>
    <subfield code="r">2026-04-10 16:06:53</subfield>
    <subfield code="w">2026-04-10</subfield>
    <subfield code="y">RN</subfield>
  </datafield>
  <datafield tag="952" ind1=" " ind2=" ">
    <subfield code="0">0</subfield>
    <subfield code="1">0</subfield>
    <subfield code="4">0</subfield>
    <subfield code="7">0</subfield>
    <subfield code="a">BCEJYS</subfield>
    <subfield code="b">BCEJYS</subfield>
    <subfield code="c">17</subfield>
    <subfield code="d">2002-02-01</subfield>
    <subfield code="h">A&#xF1;o LXII, N&#xBA; 2 - feb. 2002</subfield>
    <subfield code="l">0</subfield>
    <subfield code="o">H336.76 MER 2.2002</subfield>
    <subfield code="p">R11812</subfield>
    <subfield code="r">2026-04-10 16:06:53</subfield>
    <subfield code="w">2026-04-10</subfield>
    <subfield code="y">RN</subfield>
  </datafield>
  <datafield tag="952" ind1=" " ind2=" ">
    <subfield code="0">0</subfield>
    <subfield code="1">0</subfield>
    <subfield code="4">0</subfield>
    <subfield code="7">0</subfield>
    <subfield code="a">BCEJYS</subfield>
    <subfield code="b">BCEJYS</subfield>
    <subfield code="c">17</subfield>
    <subfield code="d">2001-12-01</subfield>
    <subfield code="h">A&#xF1;o LXI, N&#xBA; 12 - dic. 2001</subfield>
    <subfield code="l">0</subfield>
    <subfield code="o">H336.76 MER 12.2001</subfield>
    <subfield code="p">R04231</subfield>
    <subfield code="r">2026-04-10 16:06:53</subfield>
    <subfield code="w">2026-04-10</subfield>
    <subfield code="y">RN</subfield>
  </datafield>
  <datafield tag="952" ind1=" " ind2=" ">
    <subfield code="0">0</subfield>
    <subfield code="1">0</subfield>
    <subfield code="4">0</subfield>
    <subfield code="7">0</subfield>
    <subfield code="a">BCEJYS</subfield>
    <subfield code="b">BCEJYS</subfield>
    <subfield code="c">17</subfield>
    <subfield code="d">2001-11-01</subfield>
    <subfield code="h">A&#xF1;o LXI, N&#xBA; 11 - nov. 2001</subfield>
    <subfield code="l">0</subfield>
    <subfield code="o">H336.76 MER 11.2001</subfield>
    <subfield code="p">R04230</subfield>
    <subfield code="r">2026-04-10 16:06:53</subfield>
    <subfield code="w">2026-04-10</subfield>
    <subfield code="y">RN</subfield>
  </datafield>
  <datafield tag="952" ind1=" " ind2=" ">
    <subfield code="0">0</subfield>
    <subfield code="1">0</subfield>
    <subfield code="4">0</subfield>
    <subfield code="7">0</subfield>
    <subfield code="a">BCEJYS</subfield>
    <subfield code="b">BCEJYS</subfield>
    <subfield code="c">17</subfield>
    <subfield code="d">2001-10-01</subfield>
    <subfield code="h">A&#xF1;o LXI, N&#xBA; 10 - oct. 2001</subfield>
    <subfield code="l">0</subfield>
    <subfield code="o">H336.76 MER 10.2001</subfield>
    <subfield code="p">R04229</subfield>
    <subfield code="r">2026-04-10 16:06:53</subfield>
    <subfield code="w">2026-04-10</subfield>
    <subfield code="y">RN</subfield>
  </datafield>
  <datafield tag="952" ind1=" " ind2=" ">
    <subfield code="0">0</subfield>
    <subfield code="1">0</subfield>
    <subfield code="4">0</subfield>
    <subfield code="7">0</subfield>
    <subfield code="a">BCEJYS</subfield>
    <subfield code="b">BCEJYS</subfield>
    <subfield code="c">17</subfield>
    <subfield code="d">2001-09-01</subfield>
    <subfield code="h">A&#xF1;o LXI, N&#xBA; 9 - sep. 2001</subfield>
    <subfield code="l">0</subfield>
    <subfield code="o">H336.76 MER 9.2001</subfield>
    <subfield code="p">R04228</subfield>
    <subfield code="r">2026-04-10 16:06:53</subfield>
    <subfield code="w">2026-04-10</subfield>
    <subfield code="y">RN</subfield>
  </datafield>
  <datafield tag="952" ind1=" " ind2=" ">
    <subfield code="0">0</subfield>
    <subfield code="1">0</subfield>
    <subfield code="4">0</subfield>
    <subfield code="7">0</subfield>
    <subfield code="a">BCEJYS</subfield>
    <subfield code="b">BCEJYS</subfield>
    <subfield code="c">17</subfield>
    <subfield code="d">2001-08-01</subfield>
    <subfield code="h">A&#xF1;o LXI, N&#xBA; 8 - ago. 2001</subfield>
    <subfield code="l">0</subfield>
    <subfield code="o">H336.76 MER 8.2001</subfield>
    <subfield code="p">R04227</subfield>
    <subfield code="r">2026-04-10 16:06:53</subfield>
    <subfield code="w">2026-04-10</subfield>
    <subfield code="y">RN</subfield>
  </datafield>
  <datafield tag="952" ind1=" " ind2=" ">
    <subfield code="0">0</subfield>
    <subfield code="1">0</subfield>
    <subfield code="4">0</subfield>
    <subfield code="7">0</subfield>
    <subfield code="a">BCEJYS</subfield>
    <subfield code="b">BCEJYS</subfield>
    <subfield code="c">17</subfield>
    <subfield code="d">2000-11-01</subfield>
    <subfield code="h">A&#xF1;o LX, N&#xBA; 11/12 - nov./dic. 2000</subfield>
    <subfield code="l">0</subfield>
    <subfield code="o">H336.76 MER 11.2000</subfield>
    <subfield code="p">R04226</subfield>
    <subfield code="r">2026-04-10 16:06:53</subfield>
    <subfield code="w">2026-04-10</subfield>
    <subfield code="y">RN</subfield>
  </datafield>
  <datafield tag="952" ind1=" " ind2=" ">
    <subfield code="0">0</subfield>
    <subfield code="1">0</subfield>
    <subfield code="4">0</subfield>
    <subfield code="7">0</subfield>
    <subfield code="a">BCEJYS</subfield>
    <subfield code="b">BCEJYS</subfield>
    <subfield code="c">17</subfield>
    <subfield code="d">2000-10-01</subfield>
    <subfield code="h">A&#xF1;o LX, N&#xBA; 10 - oct. 2000</subfield>
    <subfield code="l">0</subfield>
    <subfield code="o">H336.76 MER 10.2000</subfield>
    <subfield code="p">R04225</subfield>
    <subfield code="r">2026-04-10 16:06:53</subfield>
    <subfield code="w">2026-04-10</subfield>
    <subfield code="y">RN</subfield>
  </datafield>
  <datafield tag="952" ind1=" " ind2=" ">
    <subfield code="0">0</subfield>
    <subfield code="1">0</subfield>
    <subfield code="4">0</subfield>
    <subfield code="7">0</subfield>
    <subfield code="a">BCEJYS</subfield>
    <subfield code="b">BCEJYS</subfield>
    <subfield code="c">17</subfield>
    <subfield code="d">2000-09-01</subfield>
    <subfield code="h">A&#xF1;o LX, N&#xBA; 9 - sep. 2000</subfield>
    <subfield code="l">0</subfield>
    <subfield code="o">H336.76 MER 9.2000</subfield>
    <subfield code="p">R04224</subfield>
    <subfield code="r">2026-04-10 16:06:53</subfield>
    <subfield code="w">2026-04-10</subfield>
    <subfield code="y">RN</subfield>
  </datafield>
  <datafield tag="952" ind1=" " ind2=" ">
    <subfield code="0">0</subfield>
    <subfield code="1">0</subfield>
    <subfield code="4">0</subfield>
    <subfield code="7">0</subfield>
    <subfield code="a">BCEJYS</subfield>
    <subfield code="b">BCEJYS</subfield>
    <subfield code="c">17</subfield>
    <subfield code="d">2000-04-01</subfield>
    <subfield code="h">A&#xF1;o LX, N&#xBA; 4 - abr. 2000</subfield>
    <subfield code="l">0</subfield>
    <subfield code="o">H336.76 MER 4.2000</subfield>
    <subfield code="p">R04223</subfield>
    <subfield code="r">2026-04-10 16:06:53</subfield>
    <subfield code="w">2026-04-10</subfield>
    <subfield code="y">RN</subfield>
  </datafield>
  <datafield tag="952" ind1=" " ind2=" ">
    <subfield code="0">0</subfield>
    <subfield code="1">0</subfield>
    <subfield code="4">0</subfield>
    <subfield code="7">0</subfield>
    <subfield code="a">BCEJYS</subfield>
    <subfield code="b">BCEJYS</subfield>
    <subfield code="c">17</subfield>
    <subfield code="d">2000-02-01</subfield>
    <subfield code="h">A&#xF1;o LX, N&#xBA; 2 - feb. 2000</subfield>
    <subfield code="l">0</subfield>
    <subfield code="o">H336.76 MER 2.2000</subfield>
    <subfield code="p">R04222</subfield>
    <subfield code="r">2026-04-10 16:06:53</subfield>
    <subfield code="w">2026-04-10</subfield>
    <subfield code="y">RN</subfield>
  </datafield>
  <datafield tag="952" ind1=" " ind2=" ">
    <subfield code="0">0</subfield>
    <subfield code="1">0</subfield>
    <subfield code="4">0</subfield>
    <subfield code="7">0</subfield>
    <subfield code="a">BCEJYS</subfield>
    <subfield code="b">BCEJYS</subfield>
    <subfield code="c">17</subfield>
    <subfield code="d">2000-01-01</subfield>
    <subfield code="h">A&#xF1;o LX, N&#xBA; 1 - ene. 2000</subfield>
    <subfield code="l">0</subfield>
    <subfield code="o">H336.76 MER 1.2000</subfield>
    <subfield code="p">R04221</subfield>
    <subfield code="r">2026-04-10 16:06:53</subfield>
    <subfield code="w">2026-04-10</subfield>
    <subfield code="y">RN</subfield>
  </datafield>
  <datafield tag="952" ind1=" " ind2=" ">
    <subfield code="0">0</subfield>
    <subfield code="1">0</subfield>
    <subfield code="4">0</subfield>
    <subfield code="7">0</subfield>
    <subfield code="a">BCEJYS</subfield>
    <subfield code="b">BCEJYS</subfield>
    <subfield code="c">17</subfield>
    <subfield code="d">1999-12-01</subfield>
    <subfield code="h">A&#xF1;o LIX, N&#xBA; 12/1 - dic. 1999</subfield>
    <subfield code="l">0</subfield>
    <subfield code="o">H336.76 MER 12/1.1999</subfield>
    <subfield code="p">R04220</subfield>
    <subfield code="r">2026-04-10 16:06:53</subfield>
    <subfield code="w">2026-04-10</subfield>
    <subfield code="y">RN</subfield>
  </datafield>
  <datafield tag="952" ind1=" " ind2=" ">
    <subfield code="0">0</subfield>
    <subfield code="1">0</subfield>
    <subfield code="4">0</subfield>
    <subfield code="7">0</subfield>
    <subfield code="a">BCEJYS</subfield>
    <subfield code="b">BCEJYS</subfield>
    <subfield code="c">17</subfield>
    <subfield code="d">1999-12-01</subfield>
    <subfield code="h">A&#xF1;o LIX, N&#xBA; 12 - dic. 1999</subfield>
    <subfield code="l">0</subfield>
    <subfield code="o">H336.76 MER 12.1999</subfield>
    <subfield code="p">R04219</subfield>
    <subfield code="r">2026-04-10 16:06:53</subfield>
    <subfield code="w">2026-04-10</subfield>
    <subfield code="y">RN</subfield>
  </datafield>
  <datafield tag="952" ind1=" " ind2=" ">
    <subfield code="0">0</subfield>
    <subfield code="1">0</subfield>
    <subfield code="4">0</subfield>
    <subfield code="7">0</subfield>
    <subfield code="a">BCEJYS</subfield>
    <subfield code="b">BCEJYS</subfield>
    <subfield code="c">17</subfield>
    <subfield code="d">1999-11-01</subfield>
    <subfield code="h">A&#xF1;o LIX, N&#xBA; 11 - nov. 1999</subfield>
    <subfield code="l">0</subfield>
    <subfield code="o">H336.76 MER 11.1999</subfield>
    <subfield code="p">R04218</subfield>
    <subfield code="r">2026-04-10 16:06:53</subfield>
    <subfield code="w">2026-04-10</subfield>
    <subfield code="y">RN</subfield>
  </datafield>
  <datafield tag="952" ind1=" " ind2=" ">
    <subfield code="0">0</subfield>
    <subfield code="1">0</subfield>
    <subfield code="4">0</subfield>
    <subfield code="7">0</subfield>
    <subfield code="a">BCEJYS</subfield>
    <subfield code="b">BCEJYS</subfield>
    <subfield code="c">17</subfield>
    <subfield code="d">1999-10-01</subfield>
    <subfield code="h">A&#xF1;o LIX, N&#xBA; 10 - oct. 1999</subfield>
    <subfield code="l">0</subfield>
    <subfield code="o">H336.76 MER 10.1999</subfield>
    <subfield code="p">R04217</subfield>
    <subfield code="r">2026-04-10 16:06:53</subfield>
    <subfield code="w">2026-04-10</subfield>
    <subfield code="y">RN</subfield>
  </datafield>
  <datafield tag="952" ind1=" " ind2=" ">
    <subfield code="0">0</subfield>
    <subfield code="1">0</subfield>
    <subfield code="4">0</subfield>
    <subfield code="7">0</subfield>
    <subfield code="a">BCEJYS</subfield>
    <subfield code="b">BCEJYS</subfield>
    <subfield code="c">17</subfield>
    <subfield code="d">1999-09-01</subfield>
    <subfield code="h">A&#xF1;o LIX, N&#xBA; 9 - sep. 1999</subfield>
    <subfield code="l">0</subfield>
    <subfield code="o">H336.76 MER 9.1999</subfield>
    <subfield code="p">R04216</subfield>
    <subfield code="r">2026-04-10 16:06:53</subfield>
    <subfield code="w">2026-04-10</subfield>
    <subfield code="y">RN</subfield>
  </datafield>
  <datafield tag="952" ind1=" " ind2=" ">
    <subfield code="0">0</subfield>
    <subfield code="1">0</subfield>
    <subfield code="4">0</subfield>
    <subfield code="7">0</subfield>
    <subfield code="a">BCEJYS</subfield>
    <subfield code="b">BCEJYS</subfield>
    <subfield code="c">17</subfield>
    <subfield code="d">1999-06-01</subfield>
    <subfield code="h">A&#xF1;o LIX, N&#xBA; 6 - jun. 1999</subfield>
    <subfield code="l">0</subfield>
    <subfield code="o">H336.76 MER 6.1999</subfield>
    <subfield code="p">R04215</subfield>
    <subfield code="r">2026-04-10 16:06:53</subfield>
    <subfield code="w">2026-04-10</subfield>
    <subfield code="y">RN</subfield>
  </datafield>
</record>
